Education productivity and inequality : the east african natural experiment (Record no. 150845)

MARC details
000 -LEADER
fixed length control field 00419nam a2200145Ia 4500
008 - FIXED-LENGTH DATA ELEMENTS--GENERAL INFORMATION
fixed length control field 161229s9999 xx 000 0 und d
020 ## - INTERNATIONAL STANDARD BOOK NUMBER
International Standard Book Number 0195208048
082 ## - DEWEY DECIMAL CLASSIFICATION NUMBER
Classification number 338.47 KNI/ED
100 ## - MAIN ENTRY--PERSONAL NAME
Personal name Knight, John B
245 ## - TITLE STATEMENT
Title Education productivity and inequality : the east african natural experiment
260 ## - PUBLICATION, DISTRIBUTION, ETC. (IMPRINT)
Name of publisher, distributor, etc. Oxford University Press
Place of publication, distribution, etc. Delhi
Date of publication, distribution, etc. 1990
300 ## - PHYSICAL DESCRIPTION
Extent xv, 445
700 ## - ADDED ENTRY--PERSONAL NAME
Personal name Sabot, Richard H
942 ## - ADDED ENTRY ELEMENTS (KOHA)
Koha item type Books (General)
Holdings
Withdrawn status Lost status Source of classification or shelving scheme Damaged status Not for loan Home library Current library Date acquired Total Checkouts Full call number Barcode Date last seen Price effective from Koha item type Public note
    Dewey Decimal Classification     KAU Central Library, Thrissur KAU Central Library, Thrissur 29/12/2016   338.47 KNI/ED 902154 29/12/2016 29/12/2016 Books (General) Book transferred from CCBM Library ,Acc.No:3257
Kerala Agricultural University Central Library
Thrissur-(Dt.), Kerala Pin:- 680656, India
Ph : (+91)(487) 2372219
E-mail: librarian@kau.in
Website: http://library.kau.in/